| 000 | 00632nam a2200181Ia 4500 | ||
|---|---|---|---|
| 008 | 090124s9999 xx 000 0 und d | ||
| 082 | _b5791 | ||
| 100 | _aगोखले गो. सी. | ||
| 245 | _a ज्ञानसागरांतील शिंपले | ||
| 250 | _a0 | ||
| 260 |
_bय़ोजना प्रकाशन _c1970 |
||
| 300 | _a204 | ||
| 600 | _aगोखले गो. सी. | ||
| 630 | _a ज्ञानसागरांतील शिंपले | ||
| 700 | _aगोखले गो. सी. | ||
| 730 | _a ज्ञानसागरांतील शिंपले | ||
| 942 | _cBOOK | ||
| 999 |
_c84435 _d84435 |
||